000 00414pam a2200145 a 4500
020 _a0134599918
040 _cDLC
082 0 0 _a579 PRI 1998 C158 Or.
245 0 0 _aPrinciples and applications of soil microbiology /
260 _aUpper Saddle River, N.J. :
_bPrentice Hall,
_cc1998.
300 _axxii, 550 p. :
_bill., maps ;
_c25 cm.
650 0 _aSoil microbiology.
700 1 _aSylvia, D. M.
942 _cAEDBB
999 _c19032
_d19032